Entrada Personal Name
Número de registros utilizados en: 2
001 - CONTROL NUMBER
- control field: 779
003 - CONTROL NUMBER IDENTIFIER
- control field: DLC
005 - DATE AND TIME OF LATEST TRANSACTION
- control field: 20250519095519.0
008 - FIXED-LENGTH DATA ELEMENTS
- fixed length control field: 800709n| azannaabn |b aaa
010 ## - LIBRARY OF CONGRESS CONTROL NUMBER
- LC control number: n 79090025
016 ## - NATIONAL BIBLIOGRAPHIC AGENCY CONTROL NUMBER
- Record control number: 0019E8760E
035 ## - SYSTEM CONTROL NUMBER
- System control number: (OCoLC)oca00322391
040 ## - CATALOGING SOURCE
- Original cataloging agency: DLC
- Language of cataloging: spa
- Description conventions: rda
- Transcribing agency: Mx-PuUPA
- Modifying agency: DLC
- Modifying agency: OCoLC
- Modifying agency: ItFiC
- Modifying agency: CSt
- Modifying agency: DLC
- Modifying agency: CaOONL
- Modifying agency: Mx-PuUPA
042 ## - AUTHENTICATION CODE
- Authentication code: nlc
046 ## - SPECIAL CODED DATES
- Birth date: 1548
- Death date: 1600
- Source of date scheme: edtf
100 1# - HEADING--PERSONAL NAME
- Personal name: Bruno, Giordano,
- Dates associated with a name: 1548-1600
370 ## - ASSOCIATED PLACE
- Place of birth: Nola, Italia
373 ## - ASSOCIATED GROUP
- Associated group: Universidad de Nápoles Federico II (1562-1565)
- Associated group: Universidad de Toulouse
374 ## - OCCUPATION
- Occupation: Autor
- Occupation: Cosmólogo
- Occupation: Filósofo
- Occupation: teólogo
- Occupation: Matemático
- Occupation: Poeta
375 ## - GENDER
- Gender: hombre
377 ## - ASSOCIATED LANGUAGE
- Language code: ita
400 1# - SEE FROM TRACING--PERSONAL NAME
- Personal name: Brono, G'yordano,
- Dates associated with a name: 1548-1600
400 1# - SEE FROM TRACING--PERSONAL NAME
- Personal name: Brouno, Tziorntano,
- Dates associated with a name: 1548-1600
400 1# - SEE FROM TRACING--PERSONAL NAME
- Personal name: Bruno, Dzhordano,
- Dates associated with a name: 1548-1600
400 1# - SEE FROM TRACING--PERSONAL NAME
- Personal name: Bruno, Filippo,
- Dates associated with a name: 1548-1600
400 1# - SEE FROM TRACING--PERSONAL NAME
- Personal name: Bruno, G'yordano,
- Dates associated with a name: 1548-1600
400 1# - SEE FROM TRACING--PERSONAL NAME
- Personal name: Brunus Nolanus, Jordanus,
- Dates associated with a name: 1548-1600
400 1# - SEE FROM TRACING--PERSONAL NAME
- Personal name: Bulunuo,
- Dates associated with a name: 1548-1600
400 1# - SEE FROM TRACING--PERSONAL NAME
- Personal name: Nolanus, Jordanus Brunus,
- Dates associated with a name: 1548-1600
400 1# - SEE FROM TRACING--PERSONAL NAME
- Personal name: Bruno,
- Titles and other words associated with a name: Nolano,
- Dates associated with a name: 1548-1600
400 1# - SEE FROM TRACING--PERSONAL NAME
- Personal name: Pu-lu-no,
- Dates associated with a name: 1548-1600
400 1# - SEE FROM TRACING--PERSONAL NAME
- Personal name: Pu-lu-no, Chʻiao-erh-tan-no,
- Dates associated with a name: 1548-1600
400 1# - SEE FROM TRACING--PERSONAL NAME
- Personal name: ברונו, ג׳ורדאנו,
- Dates associated with a name: 1548-1600
400 1# - SEE FROM TRACING--PERSONAL NAME
- Personal name: ברונו, ג׳ורדנו
400 1# - SEE FROM TRACING--PERSONAL NAME
- Personal name: ברונו, ג׳יורדנו
670 ## - SOURCE DATA FOUND
- Source citation: Opere di Giordano Bruno Nolano, 1830.
670 ## - SOURCE DATA FOUND
- Source citation: Herman, Z. Ruaḥ lo kevulah, c1983:
- Information found: t.p. (G'yordano Bruno)
670 ## - SOURCE DATA FOUND
- Source citation: Tʻang, H.S. Pu-lu-no chi chʻi che hsüeh, 1989:
- Information found: t.p. (Pu-lu-no) cover, etc. (Bulunuo; Chʻiao-erh-tan-no Pu-lu-no)
670 ## - SOURCE DATA FOUND
- Source citation: nuc88-55517: His De vmbris idearvm ... [MI] 1582
- Information found: (usage on NjP rept.: Iordanvs Brvnvs Nolanvs)
670 ## - SOURCE DATA FOUND
- Source citation: Tziorntano Brouno, 2000:
- Information found: p. 14 (b. 1548 in the city of Nola)
670 ## - SOURCE DATA FOUND
- Source citation: Giordano Bruno, c2009:
- Information found: p. 17 (b. 1548 as Filippo Bruno)
670 ## - SOURCE DATA FOUND
- Source citation: Arcicommedia, 2011:
- Information found: v. 1, t.p. (Bruno Nolano)